Normal view MARC view
  • N G, RICK

Entry Personal Name

Number of records used in: 1

001 - CONTROL NUMBER

  • control field: 7795

003 - CONTROL NUMBER IDENTIFIER

  • control field: JRU

005 - DATE AND TIME OF LATEST TRANSACTION

  • control field: 20230415111727.0

008 - FIXED-LENGTH DATA ELEMENTS

  • fixed length control field: 230415|| aca||aabn | a|a d

040 ## - CATALOGING SOURCE

  • Original cataloging agency: JRU
  • Transcribing agency: JRU

100 ## - HEADING--PERSONAL NAME

  • Personal name: N G, RICK

670 ## - SOURCE DATA FOUND

  • Source citation: Work cat.: (JRU)8294: N G, RICK , DRUGS FROM DISCOVERY TO APPROVAL